La indemnización del artículo 3 de la ley 26773 y los accidentes in itinere (Registro nro. 18710)

Detalles MARC
000 -LEADER
fixed length control field 00351 a2200109 4500
001 - CONTROL NUMBER
control field ART_40321
005 - DATE AND TIME OF LATEST TRANSACTION
control field 20260410161740.0
008 - FIXED-LENGTH DATA ELEMENTS--GENERAL INFORMATION
fixed length control field 260409a
100 1# - MAIN ENTRY--PERSONAL NAME
Personal name Formaro, Juan J.
245 10 - TITLE STATEMENT
Title La indemnización del artículo 3 de la ley 26773 y los accidentes in itinere
773 0# - HOST ITEM ENTRY
Title Doctrina laboral
Related parts - Nº 337 (sep. 2013)
Record control number REV4049

No hay ítems disponibles.